000 00400nam a2200181Ia 4500
005 20250423094429.0
008 250422s9999 xx 000 0 und d
020 _a1439082413
050 _aP 51 .F76/
100 _aFromkin, V.
245 3 _aAn introduction to language
250 _a9th ed.
260 _aCanadan
260 _bWadsworth
260 _c2010
300 _a619 p
942 _cBK
999 _c27214
_d27214